| 000 | 00337nam a22001217a 4500 | ||
|---|---|---|---|
| 008 | 160518b xxu||||| |||| 00| 0 eng d | ||
| 020 | _a9781594862861 | ||
| 020 | _a1594862869 | ||
| 041 | _aeng | ||
| 080 | _a612.39 | ||
| 245 |
_aThe new glucose revolution: _cJennie Brand Miller; Thomas M.S. Wolever; Stephen Colagiuri; |
||
| 942 |
_2udc _cBK |
||
| 999 |
_c2215 _d2215 |
||